000 01186nam a2200229Ia 4500
003 Ost
005 20260507075647.0
008 260507s9999||||xx |||||||||||||| ||und||
040 _cfsecg
041 _aara
082 _a350.101
100 _eمؤلف
245 0 _aالإصلاح الإداري لدعم سياسة الإصلاح الإقتصادي في البلاد العربية /
260 _aالقاهرة:
_bالمنظمة العربية للتنمية الإدارية,
_c1997
300 _a285 صفحة؛
_bإيضاحات ؛
_c25 سم
490 _aسلسلة ندوات ومؤتمرات
_v4
520 _aالإصلاح الإداري لدعم سياسات الإصلاح الإقتصادي- الإصلاح الإداري والتنمية الإدارية في الدول العربية -إدارات سياسات التخصيصية- الإدارية والمؤسسية لنجاح سياسة التحول من القطاع الخاص- التجارب العالمية في الإصلاح الإداري.
653 _aالإصلاح الإداري
653 _aالإصلاح الإقتصادي
653 _aالتنمية الإدارية
942 _cكتاب
999 _c45521
_d45521